| 000 | 00498cam a2200193ua 4500 | ||
|---|---|---|---|
| 001 | 4004 | ||
| 005 | 20260515113753.0 | ||
| 008 | 111212n ii |||gr||||Z||||||asm | ||
| 040 | _cMAIN | ||
| 082 | _a891.4511 | ||
| 100 | 1 | _aBarua, Gautam Prasad, | |
| 245 | 1 | 1 |
_aBhangi jao nirandhra andhakar _cby Gautam Prasad Barua |
| 250 | _a1st. | ||
| 260 |
_aGuwahati: _bBani Prakash Pvt. Ltd. |
||
| 300 |
_a72p: _c23cm. |
||
| 653 | _aAssamese poem | ||
| 653 | _aBhangi jao nirandhra andhakar | ||
| 942 | _cBK | ||
| 999 |
_c3824 _d3824 |
||